Matemática insólita: paradojas y paralogismos

Պահպանված է:
Մատենագիտական մանրամասներ
Հիմնական հեղինակ: Bunch, Bryan H (Հեղինակ)
Ձևաչափ: Գիրք
Լեզու:իսպաներեն
Հրապարակվել է: Barcelona Reverté 1987
Խորագրեր:
Ցուցիչներ: Ավելացրեք ցուցիչ
Չկան պիտակներ, Եղեք առաջինը, ով նշում է այս գրառումը!

MARC

LEADER 00000cam a2200000 a 4500
001 UCK5622
003 CL-VaPUC
008 050805e19870000SP |||||||||||||||||spa|d
020 |a 8429150420 
082 0 4 |a 511.3  |b BUN  |2 21 
100 |a Bunch, Bryan H  |e author  |9 494491 
245 1 0 |a Matemática insólita: paradojas y paralogismos 
300 |a 198 p 
942 |c BK 
945 |d 20050805 00:00:00  |a jcarroza 
260 |a Barcelona  |b Reverté  |c 1987 
650 0 |a Matemática  |9 260235 
650 0 |a Análisis matemático   |9 260146 
650 0 |a Lógica matemática   |9 262442 
583 |a last modification  |c 20120725 01:20:46  |k Rodrigo Vera 
999 |c 314121  |d 314119 
952 |0 0  |1 0  |4 0  |6 511_300000000000000_BUN_1987  |7 0  |8 A  |9 386050  |a BIBMAT  |b BIBMAT  |d 2019-11-22  |i 4151712  |l 1  |o 511.3 BUN 1987  |p 4151712  |r 2025-01-07  |s 2020-03-03  |w 2019-11-22  |y BK  |k MAT 
952 |0 0  |1 0  |4 0  |6 511_300000000000000_BUN_1987  |7 0  |8 A  |9 386051  |a BIBMAT  |b BIBMAT  |d 2019-11-22  |i 4151720  |o 511.3 BUN 1987  |p 4151720  |r 2025-01-07  |w 2019-11-22  |y BK  |k MAT 
952 |0 0  |1 0  |4 0  |6 511_300000000000000_BUN_1987  |7 0  |8 A  |9 386052  |a BIBMAT  |b BIBMAT  |d 2019-11-22  |i 4151704  |o 511.3 BUN 1987  |p 4151704  |r 2025-01-07  |w 2019-11-22  |y BK  |k MAT